000 00604nam a2200193 4500
999 _c164363
_d164363
005 20190516162145.0
010 _aENG-125202
020 _c210.00
035 _aEN-108734
037 _bDBAD/PUB
082 _a881
100 _aSarma, S.K.
245 _aSeed of grandeur :
_bcommentary of Sri Aurobindo's "thought the paracalete' "rose of God"and Savitri/
_cby S.K.Sarma
260 _aVijaywada
_bKamala Publications
_c2012
270 _aGovernorpet
_bVijaywada
300 _aviii,340.00
_c22cm(pbk)
500 _aIncludes bibliographical references
942 _2ddc
_cEN
_h881
_mSAR